| 000 | 00697nam a2200181 i 4500 | ||
|---|---|---|---|
| 001 | 112147 | ||
| 003 | ES-MaACL | ||
| 005 | 20230906185444.0 | ||
| 007 | t| | ||
| 008 | 061121q1913 sp r ||||1| spa d | ||
| 100 | 1 |
_aNicolau y Sabater, José. _985589 |
|
| 245 | 1 | 0 |
_aRiegos del Alto Aragón _b: (Sobrarbe, Somontano, Monegros): modificación del presupuesto según Real Orden de 1º de marzo de 1913 / _cAutores: José Nicolau Sabater y Félix de los Ríos Martín. |
| 260 |
_aBarcelona : _b`El Annuario de la Exportación`, _c[1913?] |
||
| 300 |
_a31 p. ; _c32 x 21 cm. |
||
| 650 | 4 |
_aRiego- _zAragón. _9155579 |
|
| 700 | 1 |
_aRíos Martín, Félix de los. _997387 |
|
| 852 |
_aES-MaACL _jG-5779 |
||
| 999 |
_c112147 _d112147 |
||